000 01208cad a22002055a 4500
001 L157009
008 120810s2012 xxk 000 0 eng d
035 _a(Sirsi) u157009
041 0 _aeng
110 2 _aCushman & Wakefield
_95888
245 0 0 _aOccupier insight global legal sector
_bAugust 2012
_h[electronic resource]
260 _aNew York
_bCushman & Wakefield
_c2012
490 0 _aCushman & Wakefield Occupier Insight Global Legal Sector
_vAugust 2012
520 _aThe report focuses on the real estate trends in global legal services and how occupier demand across various markets will impact the sector. Covers trends in legal real estate and provides overviews of the corporate legal real estate market in the Americas, Europe, and Asia Pacific. Change is afoot in the legal services industry across the globe, bringing with it a host of real estate challenges for the legal sector.
590 _aKA NTK
651 4 _aInternational
690 _aCommercial property
_96227
856 4 0 _uhttps://www.cushwake.com/cwglobal/jsp/kcReportDetail.jsp?Country=GLOBAL&Language=EN&catId=100001&pId=c43800002p
_zView the report after signing up with the Knowledge Center at www.cushwake.com
942 _n0
999 _c84232
_d84232